Elementary principles of chemical processes (Record no. 25348)

000 -LEADER
fixed length control field 00647nam a2200217 a 4500
001 - CONTROL NUMBER
control field 25348
003 - CONTROL NUMBER IDENTIFIER
control field BD-DhUET
008 - FIXED-LENGTH DATA ELEMENTS--GENERAL INFORMATION
fixed length control field 850517s1986 nyua b 001 0 eng
040 ## - CATALOGING SOURCE
Original cataloging agency DLC
Transcribing agency DLC
Modifying agency BD-DhUET
082 00 - DEWEY DECIMAL CLASSIFICATION NUMBER
Classification number 660.284
Item number FEL/1986
100 ## - MAIN ENTRY--PERSONAL NAME
Personal name Felder, Richard M.
245 10 - TITLE STATEMENT
Title Elementary principles of chemical processes
250 ## - EDITION STATEMENT
Edition statement 2nd ed.
260 ## - PUBLICATION, DISTRIBUTION, ETC. (IMPRINT)
Place of publication, distribution, etc. New York
Name of publisher, distributor, etc. John Wiley & Sons
Date of publication, distribution, etc. 1986
300 ## - PHYSICAL DESCRIPTION
Extent xix, 668 p.
Other physical details ill.
Dimensions 25 cm.
490 ## - SERIES STATEMENT
Series statement Wiley series in chemical engineering
504 ## - BIBLIOGRAPHY, ETC. NOTE
Bibliography, etc Includes bibliographies
650 #0 - SUBJECT ADDED ENTRY--TOPICAL TERM
Topical term or geographic name as entry element Chemical processes, Pressure, Temperature, Energy
700 ## - ADDED ENTRY--PERSONAL NAME
Personal name Rousseau, Ronald W.
942 ## - ADDED ENTRY ELEMENTS (KOHA)
Koha item type General Book
Holdings
Withdrawn status Date acquired Sublocation or collection (holding branch) Koha item type Location (home branch) Damaged status Copy number Koha date last borrowed Koha issues (times borrowed) Not for loan Lost status Piece designation (barcode) Price effective from Koha full call number Shelving location Source of classification or shelving scheme Koha normalized classification for sorting Koha date last seen
 2015-05-14Central Library, BUETGeneral BookCentral Library, BUET 12022-11-211  705532015-05-14660.284/FEL/1986Circulation section 660_284000000000000_FEL_19862022-11-22
 2015-05-14Central Library, BUETGeneral BookCentral Library, BUET 22017-10-161  705522015-05-14660.284/FEL/1986Circulation section 660_284000000000000_FEL_19862017-12-13
 2015-06-20Central Library, BUETReading ItemCentral Library, BUET 3    680892015-06-20660.284/FEL/1986Reading section 660_284000000000000_FEL_19862015-06-20
 2015-06-20Central Library, BUETReading ItemCentral Library, BUET 4    680902015-06-20660.284/FEL/1986Reading section 660_284000000000000_FEL_19862015-06-20
 2015-06-20Central Library, BUETReading ItemCentral Library, BUET 5    680922015-06-20660.284/FEL/1986Reading section 660_284000000000000_FEL_19862015-06-20
 2015-06-30Central Library, BUETReading ItemCentral Library, BUET 6    680912015-06-30660.284/FEL/1986Reading section 660_284000000000000_FEL_19862015-06-30